<The> Impact of rising international interest rates on developing countries <the> South Korean experience

Guardado en:
Detalles Bibliográficos
Autor principal: Fischer, Bernhard
Otros Autores: Mayer, Thomas
Formato: Libro
Lenguaje:inglés
Publicado: Kiel Institut für Weltwirtschaft 1982
Colección:Kiel working paper no. 153
Etiquetas: Agregar Etiqueta
Sin Etiquetas, Sea el primero en etiquetar este registro!

MARC

LEADER 00000nam a2200000 4500
001 c138348
005 20250521092945.9
041 0 |a eng 
044 |a DE 
245 1 0 |a <The> Impact of rising international interest rates on developing countries  |b <the> South Korean experience  |c Bernhard Fischer, Thomas Mayer 
264 1 |a Kiel  |b Institut für Weltwirtschaft  |c 1982 
300 |a 18 s. 
490 1 |a Kiel working paper  |v no. 153 
830 0 |a Kiel working paper  |v no. 153 
100 1 |a Fischer, Bernhard 
700 1 |a Mayer, Thomas